| 000 | 00748nam a2200229 a 4500 | ||
|---|---|---|---|
| 005 | 20200104041523.0 | ||
| 008 | 140120b1998 ck ||||| |||| 00| 0 spa d | ||
| 040 |
_cCO-BoIH _aCO-BoIAVH |
||
| 041 | _aeng | ||
| 090 |
_aIAvH _b00022 |
||
| 100 |
_aValderrama A., Carlos _94155 |
||
| 110 |
_bInstituto de Investigación de Recursos Biológicos Alexander von Humboldt _9204 |
||
| 245 | _aBibliografía selecta sobre cuevas y cavernas | ||
| 260 |
_aBogotá _bInstituto Alexander von Humboldt _bICN _c1998 |
||
| 300 | _a137 p. | ||
| 650 |
_aReferencias Bibliográficas _92837 |
||
| 650 |
_aEspeleología _94156 |
||
| 650 |
_aCuevas _982841 |
||
| 650 |
_aEcosistemas kársticos _94158 |
||
| 650 |
_aEcosistemas subterráneos _94159 |
||
| 942 |
_cINFORME _2z |
||
| 999 |
_c1660 _d1660 |
||